Responses for show #3879 - Thursday, June 14, 2001

Mark Eckard game 5.

Contestants

Tom Daily, a data processing consultant from New Haven, Connecticut

Jeremy Simon, an emergency room physician from New York City, New York

Mark Eckard, a software engineer from Bedford, Massachusetts (whose 4-day cash winnings total $55,500)

Jeopardy! Round responses

THEY WROTE FOR THE NEW YORK TIMES
SUPER BOWL MVPs
(Alex: We'll give you the Super Bowl and the MVP, you identify the team.)
BO, MOE OR PO
JUNE SWOON
TAKE THE KIDS!
"N" JOY
    $100 26
Jail

Jeremy
    $100 7
Denver Broncos

Mark
    $100 15
Little Bo Peep

Mark
    $100 21
Brigham Young

Mark
    $100 6
Bat

Mark
    $100 1
Saint Nicholas

Mark
    $200 27
Vietnam

Mark
    $200 8
Dallas Cowboys

Mark
    $200 16
Moe (Szyslak)

Jeremy
    $200 22
Igor Stravinsky

Tom
    $200 11
San Francisco

Jeremy
    $200 2
Nashville

Mark
    $300 28
"Scotty"

Tom
    $300 9
New York Jets

Mark
    $300 17
Po

Tom
    $300 23
Charles Goodyear

Tom
    $300 12
Las Vegas

Mark
    $300 3
Nirvana

Tom
    $400 29
"Red"

Jeremy
    $400 10
Pittsburgh Steelers

Jeremy
    $400 19
Moe (Howard of the Three Stooges)

Mark
    $1,500 24
Leonid Brezhnev & Jimmy Carter

Tom
    $400 13
Chicago

Jeremy
    $400 4
Nightingale

Tom
    $500 30
(J: Who is Rich?)

Vincent Canby

JeremyTom
    $500 18
Miami Dolphins

Mark
    $500 20
Bo Duke

Mark
    $500 25
Canada

Mark
    $500 14
Duke

Jeremy
    $500 5
Navajo

Jeremy

Scores at the first commercial break (after clue 15):

Mark Jeremy Tom
$1,400 $2,000 $700

Scores at the end of the Jeopardy! Round:

Mark Jeremy Tom
$3,600 $2,200 $3,800

Double Jeopardy! Round responses

BEETHOVEN
PLANES, TRAINS & AUTOMOBILES
WEIRD SCIENCE
THE BREAKFAST CLUB
PRETTY IN PINK
JOHN HUGHES FILMS
    $200 11
"5th Symphony"

Mark
    $200 6
Concorde

Mark
    $200 1
Mosquitos

Mark
    $200 16
Kellogg's Corn Flakes

Mark
    $200 21
Rose

Mark
    $400 12
"9th Symphony"

Mark
    $400 7
Model T

Mark
    $400 2
Rack

Mark
    $400 17
Grits ("Kiss my.....!")

Tom
    $400 22
The Pink Panther

Mark
    $600 13
(J: What is "Moonlight?")
(M: What is.....(time)?)

"Pathetique Symphony"

MarkJeremy
Triple Stumper
    $600 8
Monorail

Mark
    $600 3
C-O-B-A-L-T

Mark
    $600 18
Omelette

Tom
    $600 23
Gin

Triple Stumper
    $1,200 28
(M: What is Weird?)
(buzzer sounds)

National Lampoon

Mark
    $800 14
"Moonlight Sonata"

Mark
    $800 9
Dining car

Mark
    $800 4
Danube

Jeremy
    $1,200 19
English muffin

Tom
    $800 24
(minute to go, Mark...)

Mamie Eisenhower

Triple Stumper
    $800 26
Ferris Bueller's Day Off

Mark
    $1000 15
Elise

Jeremy
    $1000 10
DeLorean

Jeremy
    $1000 5
Eve

Jeremy
    $1000 20
Grapefruit

Tom
    $1000 25
(Alex: And it's where you might go after your "Jeopardy!" appearance!)

The Polo Lounge

Triple Stumper
    $1000 27
Uncle Buck

Mark

Scores at the end of the Double Jeopardy! Round:

Mark Jeremy Tom
$9,000 $5,400 $7,000

[wagering suggestions for these scores]

Final Jeopardy! Round responses

HISTORIC ENGLISHMEN
(Alex: Mark, you know that you qualify for the Tournament of Champions and for a new automobile. What have you selected?)
(Mark: I think I'll take the Chevy Suburban.)
JeremyWho was Gladstone
$400
TomWho is Rhodes?
$6,900
MarkWho is Rhodes
$5,100
Cecil Rhodes

Final scores:

Mark Jeremy Tom
$14,100 $5,000 $13,900
5-day champion: $69,600 3rd place: Panasonic Showstopper Hard Disk Recorder 2nd place: Trip to Almond Resorts, Barbados

Game dynamics:

Coryat scores:

Mark Jeremy Tom
$10,200 $5,400 $5,500
29 R,
2 W
(including 1 DD)
12 R,
2 W
12 R
(including 2 DDs),
0 W

Combined Coryat: $21,100

The J! Archive is created by fans, for fans. The Jeopardy! game show and all elements thereof, including but not limited to copyright and trademark thereto, are the property of Jeopardy Productions, Inc. and are protected under law. This website is not affiliated with, sponsored by, or operated by Jeopardy Productions, Inc. Join the discussion at JBoard.tv.